| 000 | 00673nam a22002177a 4500 | ||
|---|---|---|---|
| 999 |
_c33345 _d33345 |
||
| 003 | OSt | ||
| 005 | 20220921233105.0 | ||
| 008 | 131112b2018 slv spa | ||
| 020 | _a978-99961-70-76-8 | ||
| 040 | _cBMC | ||
| 082 | _a972.84 | ||
| 100 | 1 |
_99180 _aDalton, Roque _d1935-1975 |
|
| 245 | 1 | 4 |
_aLas historias prohibidas del pulgarcito _cRoque Dalton |
| 250 | _a1ª ed | ||
| 260 |
_aSan Salvador, El Salvador _bMinisterio de Educación _c2018 _eTalleres Gráficos UCA |
||
| 300 |
_a156 p. _c23 cm |
||
| 490 |
_aBiblioteca Escolar Presidencial _v9 |
||
| 651 | 4 |
_93692 _aEl Salvador _xHistoria |
|
| 942 |
_2ddc _cBK _hprozim |
||